| 000 | 00801nam a2200241Ia 4500 | ||
|---|---|---|---|
| 003 | OSt | ||
| 005 | 20221005133729.0 | ||
| 006 | a|||||r|||| 00| 0 | ||
| 007 | ta | ||
| 008 | 221004b |||||||| |||| 00| 0 pan d | ||
| 020 |
_a8178560496 (hbk) _c150 |
||
| 024 | _a87675 | ||
| 037 |
_b485, 09/03/2007, Manpreet Parkashan _cTextual |
||
| 040 |
_aCRL _cCRL _bpan |
||
| 041 |
_2pan _apan |
||
| 082 | _aO153,6(Y:351)x, P3 | ||
| 100 | _aਮਾਨ, ਰੁਪਿੰਦਰ ਸਿੰਘ | ||
| 245 | 0 | _aਕਿਂਛੁ ਸੁਣੀਐ ਕਿਛੁ ਕਹੀਐ | |
| 260 | _c2003 | ||
| 650 | _aਪੰਜਾਬੀ ਸਾਹਿਤ | ||
| 942 |
_hO153,6(Y:351)x, P3 _cTEXL _2cc |
||
| 999 |
_c1067716 _d1067716 |
||